1887 1362 1141 1679 1823 1785 1491 1257 1890 1998 1167 1279 1851 1091 1934 1625 1585 1060 1177 1182 1610 1821 1144 1346 1204 1704 1842 1585 1028 1093 1648 1783 1705 1960 1582 1882 1108 1293 1780 1286 1983 1356 1972 1518 1617 1964 1330 1498 1589 1917 1599 1362 1501 1960 1295 1265 1235 1103 1562 1208 1232 1443 1917 1597 1398 1676 1312 1704 1695 1093 1909 1268 1980 1351 1993 1720 1731 1788 1103 1153 1898 1497 1867 1021 1864 1551 1473 1917 1191 1993 1828 1410 1875 1206 1582 1478 1187 1689 1177 BCNSPRNW ULIB Ver.6.0+V

เปลี่ยนเป็นภาษาไทย

Change to English
 แสดงรายละเอียดบรรณานุกรม
  กลับหน้าหลัก

Brief Record : Get Marc (ISO 2709) : E-mail record : QR code < ปิดหน้าต่าง
LEADER : 00000nam 2200000uu 4500
001    13399125799
003     ULIB
008    170911s2559||||th 000 0 tha d
020    ^a9786162799341
060    ^aWY161 ก773ก
100    ^aเกศศิริ วงษ์คงคำ และอรชุมา นากรณ์
245    ^aการพยาบาลศัลยศาสตร์ : ผู้ป่วยโรคหัวใจและหลอดเลือด
250    ^aพิมพ์ครั้งที่ 1
260    ^aกรุงเทพฯ :^bโครงการตำราคณะพยาบาลศาสตร์ มหาวิทยาลัยมหิดล,^c2559
300    ^a168 หน้า^bภาพประกอบ
650    ^aการพยาบาลศัลยศาสตร์
650    ^aโรคหัวใจและหลอดเลือด
945    ^p250^l0^i25454
945    ^p250^l0^i25455
945    ^p250^l0^i25545
999    ^aกัณชพร จุลอักษร
รายการนี้ยังไม่มีแท็ก
คุณยังไม่ได้ล็อกอิน คุณสามารถมีกิจกรรมร่วมกับเว็บไซต์ได้ แต่ต้องล็อกอินก่อน ::
  ล็อกอิน

รายการสื่อสารสนเทศ

ลำดับที่ ประเภท เลขเรียก/บาร์โค้ด สถานที่ สถานะ
1. หนังสือสำรอง
หนังสือสำรอง
WY161 ก773ก ฉ.1 
  Barcode: 25454
ห้องสมุดวิทยาเขตนครสวรรค์
►หนังสือทั่วไป:l:General Books
บนชั้น
2. วิทยาศาสตร์การแพทย์ และสุขภาพ
วิทยาศาสตร์การแพทย์ และสุขภาพ
WY161 ก773ก ฉ.2 
  Barcode: 25455
ห้องสมุดวิทยาเขตนครสวรรค์
►หนังสือทั่วไป:l:General Books
บนชั้น
3. วิทยาศาสตร์การแพทย์ และสุขภาพ
วิทยาศาสตร์การแพทย์ และสุขภาพ
WY161 ก773ก ฉ.3 
  Barcode: 25545
ห้องสมุดวิทยาเขตนครสวรรค์
►หนังสือทั่วไป:l:General Books
บนชั้น

รายการใกล้เคียง
    ชื่อเรื่อง [การพยาบาลศัลยศาสตร์ : ผู้ป่วยโรคหัวใจและหลอดเลือด]

    ผู้แต่ง [เกศศิริ วงษ์คงคำ และอรชุมา นากรณ์]

    หัวเรื่อง [การพยาบาลศัลยศาสตร์]
    หัวเรื่อง [โรคหัวใจและหลอดเลือด]

BibComment


ยังไม่เคยถูกคอมเมนท์

คอมเมนท์ทรัพยากรรายการนี้
  คอมเมนท์: การพยาบาลศัลยศาส..


 Copyright 2026. Bcnsprnw @Library